| 000 | 01719cam a2200265 4500 | ||
|---|---|---|---|
| 001 | L154096 | ||
| 008 | 060929n2009 000 0 eng u | ||
| 020 | _a9780080884370 | ||
| 035 | _a(Sirsi) u154096 | ||
| 041 | 0 | _aeng | |
| 050 | 0 | 4 | _a690.2 $2 18 |
| 100 | 1 | _aGlover, Peter | |
| 245 | 0 | 0 |
_aBuilding surveys _h[electronic resource] |
| 250 | _a7th ed. | ||
| 260 |
_aOxford _bButterworth Heinemann _c2009 |
||
| 300 | _aeBook | ||
| 505 | 1 | _aOrganisation -- House surveys -- Foundations -- Walls -- Floors -- Roofs and chimneys -- Joinery and woodwork -- Finishes and surfaces -- Services -- The report -- Home condition, homebuyer and other pro forma reports -- Reports on non-residential buildings -- Reports on flats and apartments -- New buildings and buildings under construction -- Reports on older buildings -- Reports on leasehold properties -- Reports for prospective mortgages -- A typical building survey report -- Legal considerations -- Dilapidations -- Conservation and the surveyor -- The surveyor as an expert witness | |
| 520 | _aThis eBook is aimed at both students and practitioners emphasises the practical knowledge, techniques and equipment required to inspect and report accurately. Covers new concerns such as asbestos, contamination and energy efficiency in buildings as well as changes in legislation. Also discusses recent cases that impact on surveyor's liabilities to their clients. Includes a glossary, bibliography and list of court cases. | ||
| 590 | _aKA NTK | ||
| 650 | 2 | 4 | _aEBOOK |
| 651 | 4 | _aENGLAND AND WALES | |
| 690 |
_aBuilding surveying _96225 |
||
| 856 | 4 | 8 |
_uhttps://www.vlebooks.com/ _zView on VLEbooks. Logins for members only from [email protected] |
| 942 | _n0 | ||
| 999 |
_c112835 _d112835 |
||